[Event "EU-ch Rapid"]
[Site "Katowice"]
[Date "2022.12.17"]
[Round "3"]
[White "Varvadoukas, Theodoros"]
[Black "Stefansson, Hannes"]
[Result "0-1"]
[WhiteElo "2109"]
[BlackElo "2526"]
[PlyCount "136"]
[EventDate "2022.12.17"]
[EventType "swiss (rapid)"]
[EventRounds "11"]
[EventCountry "POL"]
[SourceTitle "CBM 211 Extra"]
[Source "ChessBase"]
[SourceDate "2023.01.31"]
[SourceVersion "1"]
[SourceVersionDate "2023.01.31"]
[SourceQuality "1"]

1. c4 Nf6 2. Nf3 b6 3. g3 Bb7 4. Bg2 g6 5. 0-0 Bg7 6. Nc3 0-0 7. d3 d5 8. Bf4 c5 9. Ne5 e6 10. cxd5 exd5 11. d4 Na6 12. dxc5 bxc5 13. Qa4 Qb6 14. Bg5 Qxb2 15. Rfc1 Qb4 16. Rab1 Qxa4 17. Nxa4 Bc8 18. Nxc5 Nxc5 19. Rxc5 Ne4 20. Bxe4 dxe4 21. Be3 Be6 22. a4 Rfc8 23. Rbc1 Rcb8 24. Nc6 Rb2 25. R5c2 Rxc2 26. Rxc2 a6 27. a5 Bf8 28. Kg2 Rc8 29. Bb6 f5 30. f3 exf3+ 31. exf3 g5 32. Kf2 Kg7 33. Ke3 Bd6 34. f4 Kh6 35. Nd4 Rxc2 36. Nxc2 gxf4+ 37. gxf4 Kh5 38. Kf3 Kh4 39. Bf2+ Kh3 40. Bg3 Bc7 41. Nb4 Bc4 42. Nc2 Bd5+ 43. Kf2 Bxa5 44. Ne3 Bb6 45. Ke2 Be6 46. Nd1 a5 47. Nf2+ Kg2 48. Nd3 a4 49. Bh4 Bd4 50. Be7 Kxh2 51. Ne1 Kg3 52. Kd3 Bb2 53. Kc2 Bg7 54. Nd3 Bb3+ 55. Kd2 h5 56. Bc5 Kf3 57. Be7 Bd4 58. Ne1+ Kxf4 59. Nd3+ Kf3 60. Ne1+ Ke4 61. Nd3 f4 62. Nc5+ Kf5 63. Nd3 f3 64. Bh4 a3 65. Nc1 Bc4 66. Ke1 a2 67. Nxa2 Bxa2 68. Kf1 Bc4+ 0-1

[Event "EU-ch Blitz"]
[Site "Katowice"]
[Date "2022.12.16"]
[Round "18"]
[White "Varvadoukas, Theodoros"]
[Black "Kowalski, Igor"]
[Result "0-1"]
[WhiteElo "2109"]
[BlackElo "2344"]
[PlyCount "104"]
[EventDate "2022.12.16"]
[EventType "swiss (blitz)"]
[EventRounds "22"]
[EventCountry "POL"]
[SourceTitle "CBM 211 Extra"]
[Source "ChessBase"]
[SourceDate "2023.01.31"]
[SourceVersion "1"]
[SourceVersionDate "2023.01.31"]
[SourceQuality "1"]

1. e4 c6 2. d4 d5 3. e5 Bf5 4. Nc3 e6 5. g4 Bg6 6. Nge2 h5 7. Nf4 Bh7 8. Nxh5 c5 9. Be3 Nc6 10. Qd2 cxd4 11. Bxd4 Bxc2 12. Bb5 Bg6 13. Nf4 Nge7 14. Rc1 a6 15. Ba4 b5 16. Nxb5 axb5 17. Bxb5 Rc8 18. 0-0 Qd7 19. Rc3 Rb8 20. a4 Rxb5 21. axb5 Nd8 22. b6 Nec6 23. Rfc1 Bb4 24. Nxg6 Bxc3 25. Qxc3 fxg6 26. Bc5 d4 27. Qd3 Nxe5 28. Qe4 Ndc6 29. f4 Nf7 30. Ba3 Nfd8 31. Qxg6+ Qf7 32. Qe4 Rh4 33. h3 Qd7 34. Qg6+ Qf7 35. Qe4 Qd7 36. Kg2 Qd5 37. Qxd5 exd5 38. b7 Kd7 39. Rc5 Nxb7 40. Rxd5+ Kc7 41. Rg5 Rh7 42. b4 Kb6 43. b5 Na7 44. Bb2 Nxb5 45. Kf3 Kc6 46. Kg3 N7d6 47. Rg6 d3 48. Kf2 Rxh3 49. Bxg7 Kd5 50. Be5 Ne4+ 51. Kg2 Re3 52. Kf1 d2 0-1

[Event "EU-ch Online U2300 Qual"]
[Site "Chess.com INT"]
[Date "2020.05.25"]
[Round "3"]
[White "Huda, Maryana"]
[Black "Varvadoukas, Theodoros"]
[Result "0-1"]
[WhiteElo "2128"]
[BlackElo "2152"]
[PlyCount "122"]
[EventDate "2020.05.25"]
[EventType "swiss"]
[EventRounds "8"]
[EventCountry "NET"]
[SourceTitle "EXT 2021"]
[Source "ChessBase"]
[SourceDate "2020.10.23"]
[SourceVersion "1"]
[SourceVersionDate "2020.10.23"]
[SourceQuality "1"]

1. e4 c5 2. Nf3 Nc6 3. d4 cxd4 4. Nxd4 Nf6 5. Nc3 d6 6. Bg5 Bd7 7. Qd2 Rc8 8. 0-0-0 a6 9. f4 h6 10. Bh4 Qa5 11. Nb3 Qh5 12. Bf2 g5 13. f5 g4 14. h3 Qg5 15. Be3 Qg8 16. Bd3 Ne5 17. Nd5 Nxd5 18. exd5 gxh3 19. gxh3 Nxd3+ 20. Qxd3 Qh7 21. Rhf1 Bb5 22. Qe4 Bxf1 23. Rxf1 Rg8 24. Bf4 b5 25. Bxd6 Qg7 26. Bxe7 Qg2 27. Re1 Qxe4 28. Rxe4 Rg1+ 29. Kd2 Rg2+ 30. Kd3 Rcxc2 31. Bxf8+ Kxf8 32. d6 Rc6 33. Rd4 Ke8 34. Na5 Rb6 35. b4 Kd7 36. Nb3 Rxd6 37. Nc5+ Kc6 38. Nxa6 Rg3+ 39. Ke4 Rxd4+ 40. Kxd4 Rxh3 41. Ke5 h5 42. Kf4 Rh4+ 43. Kg5 Rh2 44. a3 Kd5 45. Nc5 h4 46. Kg4 Rf2 47. a4 bxa4 48. Nxa4 h3 49. Kxh3 Rxf5 50. Kg4 Rf1 51. Nc3+ Kd4 52. Ne2+ Ke5 53. Kg3 Rb1 54. Kf2 Rxb4 55. Ke3 Rb3+ 56. Kf2 f5 57. Ng3 f4 58. Ne2 Ra3 59. Ng1 Ke4 60. Ne2 Ra2 61. Ke1 Ke3 0-1

[Event "EU-ch blitz"]
[Site "Skopje"]
[Date "2018.12.06"]
[Round "1"]
[White "Blagojevic, Dragisa"]
[Black "Varvadoukas, Theodoros"]
[Result "1-0"]
[WhiteElo "2497"]
[BlackElo "2164"]
[PlyCount "75"]
[EventDate "2018.12.06"]
[EventType "swiss (blitz)"]
[EventRounds "22"]
[EventCountry "MKD"]
[SourceTitle "CBM 187 Extra"]
[Source "ChessBase"]
[SourceDate "2018.11.04"]
[SourceVersion "1"]
[SourceVersionDate "2018.11.04"]
[SourceQuality "1"]

1. d4 Nf6 2. c4 c5 3. d5 b5 4. Nf3 g6 5. cxb5 a6 6. e3 Bg7 7. Nc3 0-0 8. a4 d6 9. e4 Nbd7 10. h3 Re8 11. Be3 Qa5 12. Bd2 Qc7 13. Be2 axb5 14. Bxb5 Ba6 15. 0-0 Reb8 16. Qe2 Bxb5 17. Nxb5 Qb7 18. Bc3 Nb6 19. b3 h6 20. Nd2 Qd7 21. Nc4 Nxc4 22. bxc4 Ra6 23. a5 Nh5 24. Bxg7 Kxg7 25. e5 Qf5 26. Rfe1 Qg5 27. Qg4 Qd2 28. Re2 Qb4 29. exd6 exd6 30. Rae1 Rxa5 31. Nxd6 Nf6 32. Qg3 Ra3 33. Nf5+ Kh7 34. Qe5 Rb6 35. d6 Qc3 36. Qe7 Qxc4 37. Qxf6 gxf5 38. Re8 1-0

[Event "EU-ch rapid"]
[Site "Katowice"]
[Date "2017.12.17"]
[Round "8"]
[White "Mohr, Georg"]
[Black "Varvadoukas, Theodoros"]
[Result "1/2-1/2"]
[WhiteElo "2473"]
[BlackElo "2178"]
[PlyCount "136"]
[EventDate "2017.12.16"]
[EventType "swiss (rapid)"]
[EventRounds "11"]
[EventCountry "POL"]
[SourceTitle "CBM 182 Extra"]
[Source "ChessBase"]
[SourceDate "2018.02.23"]
[SourceVersion "1"]
[SourceVersionDate "2018.02.23"]
[SourceQuality "1"]

1. e4 g6 2. d4 Bg7 3. Nc3 d6 4. g3 a6 5. a4 Nc6 6. d5 Nb8 7. Bg2 e5 8. dxe6 Bxe6 9. Nge2 Nc6 10. 0-0 Nge7 11. Be3 0-0 12. h3 Re8 13. Kh2 Qd7 14. Nf4 Bc4 15. Re1 a5 16. Qd2 Rad8 17. b3 Ba6 18. Rad1 b6 19. Nfd5 Nxd5 20. Nxd5 Bb7 21. Bg5 Ne7 22. Nxe7+ Rxe7 23. Bxe7 Qxe7 24. e5 Bxg2 25. exd6 Qd7 26. Kxg2 cxd6 27. Qd5 Qc7 28. c4 Bc3 29. Re4 Bb4 30. Rd3 Bc5 31. Rd2 Rf8 32. Rde2 Qd8 33. Re7 Qc8 34. R2e4 Qd8 35. Qc6 d5 36. Re8 dxe4 37. Rxd8 Rxd8 38. Qxe4 Rd2 39. Qe8+ Kg7 40. Qe5+ Kg8 41. g4 Rxf2+ 42. Kg3 Rd2 43. Qe4 h6 44. h4 Bd6+ 45. Kf3 Bc5 46. Qe8+ Kg7 47. Qe5+ Kg8 48. b4 Bxb4 49. Qb8+ Kg7 50. Qxb6 Rc2 51. Qd4+ Kg8 52. h5 g5 53. Ke4 Re2+ 54. Kf5 Re6 55. Qd8+ Kg7 56. Qc7 Re7 57. Qd8 Re6 58. Qd4+ Kg8 59. Qd5 Rd6 60. Qe5 Re6 61. Qc7 Kg7 62. c5 Bc3 63. c6 Bb4 64. Qd7 Bd6 65. Qxe6 fxe6+ 66. Kxe6 Bg3 67. Ke7 Bf4 68. Ke6 Bg3 1/2-1/2

[Event "EU-ch rapid"]
[Site "Katowice"]
[Date "2017.12.17"]
[Round "9"]
[White "Varvadoukas, Theodoros"]
[Black "Polivanov, Anatoliy"]
[Result "0-1"]
[WhiteElo "2178"]
[BlackElo "2383"]
[PlyCount "72"]
[EventDate "2017.12.16"]
[EventType "swiss (rapid)"]
[EventRounds "11"]
[EventCountry "POL"]
[SourceTitle "CBM 182 Extra"]
[Source "ChessBase"]
[SourceDate "2018.02.23"]
[SourceVersion "1"]
[SourceVersionDate "2018.02.23"]
[SourceQuality "1"]

1. e3 d5 2. b3 c5 3. Bb2 Nc6 4. f4 a6 5. Nf3 Nf6 6. Be2 e6 7. 0-0 Be7 8. Qe1 0-0 9. d3 Ng4 10. Qg3 Bf6 11. Ne5 Nh6 12. Qh3 Nxe5 13. fxe5 Bg5 14. e4 d4 15. a4 Bd7 16. a5 Be3+ 17. Kh1 f6 18. exf6 Rxf6 19. Na3 Nf7 20. Rxf6 Qxf6 21. Rf1 Qh6 22. Qxh6 Bxh6 23. Nc4 Bb5 24. Ba3 Bxc4 25. bxc4 Rc8 26. Bg4 Rc6 27. Rb1 Nd8 28. Rb6 Kf7 29. Rxc6 Nxc6 30. Bxc5 Bd2 31. e5 Bxa5 32. Bf3 Bc3 33. Be4 a5 34. Bxc6 bxc6 35. g4 Bb2 36. Kg2 a4 0-1

[Event "EU-ch blitz"]
[Site "Katowice"]
[Date "2017.12.15"]
[Round "9"]
[White "Krause, Jonah"]
[Black "Varvadoukas, Theodoros"]
[Result "0-1"]
[WhiteElo "2368"]
[BlackElo "2178"]
[PlyCount "42"]
[EventDate "2017.12.15"]
[EventType "swiss (blitz)"]
[EventRounds "22"]
[EventCountry "POL"]
[SourceTitle "CBM 182 Extra"]
[Source "ChessBase"]
[SourceDate "2018.02.23"]
[SourceVersion "1"]
[SourceVersionDate "2018.02.23"]
[SourceQuality "1"]

1. d4 Nf6 2. c4 c5 3. d5 b5 4. cxb5 a6 5. b6 e6 6. Nc3 Nxd5 7. Nxd5 exd5 8. Qxd5 Nc6 9. Nf3 Rb8 10. e4 Be7 11. Be2 0-0 12. 0-0 Rxb6 13. b3 Nb4 14. Qd2 Bb7 15. e5 d5 16. exd6 Rxd6 17. Qf4 Bf6 18. Rb1 Nxa2 19. Bb2 Nc3 20. Bc4 Nxb1 21. Bxf6 Rxf6 0-1

[Event "Petroupoli op 2nd"]
[Site "Petroupoli"]
[Date "2007.05.23"]
[Round "4"]
[White "Koutrakis, Stamatios"]
[Black "Varvadoukas, Theodoros"]
[Result "0-1"]
[WhiteElo "1570"]
[BlackElo "2105"]
[PlyCount "76"]
[EventDate "2007.05.12"]
[EventType "swiss"]
[EventRounds "7"]
[EventCountry "GRE"]
[SourceTitle "EXT 2008"]
[Source "ChessBase"]
[SourceDate "2007.11.25"]
[SourceVersion "1"]
[SourceVersionDate "2007.11.25"]
[SourceQuality "1"]

1. e4 c5 2. c4 Nc6 3. f4 d6 4. Nf3 g6 5. Nc3 Bg7 6. d3 e6 7. Be3 Nge7 8. Be2 0-0 9. 0-0 Nd4 10. Bxd4 cxd4 11. Nb1 a6 12. Nbd2 b5 13. e5 Nf5 14. Qb3 Rb8 15. a4 Bb7 16. Qa2 bxc4 17. Nxc4 Bd5 18. b3 dxe5 19. fxe5 Qc7 20. Rac1 Qb7 21. Rb1 h5 22. Rfc1 h4 23. Ne1 Bh6 24. Rd1 Ne3 25. Nxe3 Bxe3+ 26. Kh1 Bxb3 27. Qa3 Bxd1 28. Rxb7 Rxb7 29. Qa2 Bxe2 30. Qxe2 Rb1 31. h3 Bf4 32. g4 Bg3 33. Kg2 Rxe1 34. Qb2 Rc8 35. a5 Rcc1 36. Qb8+ Kg7 37. g5 Rc2+ 38. Kf3 Rf2+ 0-1

[Event "GRE-ch U16"]
[Site "Aghia Pelagia"]
[Date "2004.06.29"]
[Round "5"]
[White "Nikolopoulos, Georgios"]
[Black "Varvadoukas, Theodoros"]
[Result "0-1"]
[WhiteElo "2047"]
[BlackElo "2089"]
[PlyCount "80"]
[EventDate "2004.06.26"]
[EventType "swiss"]
[EventRounds "9"]
[EventCountry "GRE"]
[SourceTitle "CBM 101 Extra"]
[Source "ChessBase"]
[SourceDate "2004.09.01"]
[SourceVersion "2"]
[SourceVersionDate "2004.09.01"]
[SourceQuality "1"]

1. e4 c5 2. Nc3 Nc6 3. g3 g6 4. Bg2 Bg7 5. d3 d6 6. Be3 Rb8 7. Qd2 b5 8. Nge2 b4 9. Nd1 Nd4 10. 0-0 Nxe2+ 11. Qxe2 Nf6 12. h3 0-0 13. f4 Bb7 14. g4 a5 15. f5 c4 16. Nf2 Nd7 17. d4 Ba6 18. c3 a4 19. g5 a3 20. Ng4 bxc3 21. bxc3 Rb2 22. Qf3 f6 23. gxf6 Nxf6 24. Nh6+ Kh8 25. fxg6 hxg6 26. Qg3 Bb7 27. Qh4 Qd7 28. Nf5+ Nh5 29. Nxe7 Rxf1+ 30. Rxf1 Kh7 31. Nxg6 Kxg6 32. Qg5+ Kh7 33. Qxh5+ Kg8 34. Bh6 Qe6 35. Bxg7 Rxg2+ 36. Kxg2 Qxe4+ 37. Kg3 Qg2+ 38. Kh4 Qe4+ 39. Kg5 Qg2+ 40. Kh6 Qxg7# 0-1

[Event "GRE-ch U16"]
[Site "Aghia Pelagia"]
[Date "2004.06.27"]
[Round "3"]
[White "Georgakopoulos, Nikolaos"]
[Black "Varvadoukas, Theodoros"]
[Result "1/2-1/2"]
[WhiteElo "2122"]
[BlackElo "2089"]
[PlyCount "40"]
[EventDate "2004.06.26"]
[EventType "swiss"]
[EventRounds "9"]
[EventCountry "GRE"]
[SourceTitle "CBM 101 Extra"]
[Source "ChessBase"]
[SourceDate "2004.09.01"]
[SourceVersion "2"]
[SourceVersionDate "2004.09.01"]
[SourceQuality "1"]

1. Nf3 Nf6 2. Ne5 Nc6 3. Nc4 Nd5 4. Nca3 Ndb4 5. c4 Na6 6. Nc3 Ne5 7. Nd5 Ng4 8. Nf4 Nf6 9. Nh3 Nb8 10. Ng1 Ng8 11. Nb1 e5 12. e3 Nf6 13. Nc3 Bb4 14. Qc2 Nc6 15. Nge2 0-0 16. a3 Bxc3 17. Nxc3 Re8 18. b4 d5 19. cxd5 Nd4 20. Qd1 Nxd5 1/2-1/2

[Event "GRE-ch U16"]
[Site "Aghia Pelagia"]
[Date "2004.06.27"]
[Round "2"]
[White "Varvadoukas, Theodoros"]
[Black "Stavrianakis, Ioannis"]
[Result "1-0"]
[WhiteElo "2089"]
[BlackElo "2058"]
[PlyCount "57"]
[EventDate "2004.06.26"]
[EventType "swiss"]
[EventRounds "9"]
[EventCountry "GRE"]
[SourceTitle "CBM 101 Extra"]
[Source "ChessBase"]
[SourceDate "2004.09.01"]
[SourceVersion "2"]
[SourceVersionDate "2004.09.01"]
[SourceQuality "1"]

1. e4 d6 2. d4 Nf6 3. Nc3 c6 4. f4 Qc7 5. Nf3 Bg4 6. h3 Bxf3 7. Qxf3 e6 8. Bd3 g6 9. 0-0 d5 10. f5 dxe4 11. Nxe4 Nxe4 12. Qxe4 Qe7 13. Qe5 Nd7 14. Qxh8 0-0-0 15. fxe6 fxe6 16. d5 Bg7 17. Qxd8+ Kxd8 18. dxc6 Qc5+ 19. Kh1 Qxc6 20. Bg5+ Kc8 21. Rf7 Be5 22. Rd1 Bd6 23. Be4 Qc5 24. Bf4 Bxf4 25. Rdxd7 Bg5 26. Bxb7+ Kb8 27. Rxh7 Qe5 28. Be4 Bf6 29. Rhf7 1-0

[Event "GRE-ch U16"]
[Site "Chania"]
[Date "2003.04.23"]
[Round "6"]
[White "Varvadoukas, Theodoros"]
[Black "Papadimitropoulos, Thomas"]
[Result "1-0"]
[WhiteElo "1655"]
[BlackElo "1495"]
[PlyCount "53"]
[EventDate "2003.04.??"]
[EventType "swiss"]
[EventRounds "7"]
[EventCountry "GRE"]
[SourceTitle "EXT 2005"]
[Source "ChessBase"]
[SourceDate "2004.11.15"]
[SourceVersion "1"]
[SourceVersionDate "2004.11.15"]
[SourceQuality "1"]

1. e4 c5 2. Nf3 d6 3. d4 cxd4 4. Nxd4 Nf6 5. Nc3 a6 6. Bg5 e6 7. f4 Be7 8. Qf3 Qc7 9. 0-0-0 Nbd7 10. g4 b5 11. Bxf6 Nxf6 12. g5 Nd7 13. f5 Nc5 14. f6 gxf6 15. gxf6 Bf8 16. Bd3 h5 17. Rhe1 Bb7 18. Kb1 b4 19. Nd5 exd5 20. exd5+ Kd8 21. Qe2 Kc8 22. Qe8+ Qd8 23. Qxf7 Bh6 24. Bf5+ Kb8 25. Re7 Rf8 26. Rxb7+ Nxb7 27. Nc6# 1-0